NAth aghorananda yoga - karnika : and ancient treatisa on yoga (Record no. 1218873)

MARC details
000 -LEADER
fixed length control field 00642nam a2200217Ia 4500
008 - FIXED-LENGTH DATA ELEMENTS--GENERAL INFORMATION
fixed length control field 241004s9999 xx 000 0 und d
020 ## - INTERNATIONAL STANDARD BOOK NUMBER
International Standard Book Number 9788178540573
037 ## - SOURCE OF ACQUISITION
Stock number Textbook
040 ## - CATALOGING SOURCE
Original cataloging agency ARTS
Language of cataloging eng
Transcribing agency ARTS
041 ## - LANGUAGE CODE
Language code of text/sound track or separate title eng
Source of code eng
084 ## - COLON CLASSIFICATION NUMBER
Classification number Delta2 R2
Assigning agency ARTS
100 ## - MAIN ENTRY--PERSONAL NAME
Personal name Sharma Narendra Nath Ed.
9 (RLIN) 395258
245 ## - TITLE STATEMENT
Title NAth aghorananda yoga - karnika : and ancient treatisa on yoga
Statement of responsibility, etc. Sharma Narendra Nath Ed.
250 ## - EDITION STATEMENT
Edition statement 2nd Ed.
260 ## - PUBLICATION, DISTRIBUTION, ETC.
Place of publication, distribution, etc. India
Name of publisher, distributor, etc. Delhi Eastern Book Linkers
Date of publication, distribution, etc. 2022
300 ## - PHYSICAL DESCRIPTION
Extent 628p.
365 ## - TRADE PRICE
Price type code INR
Price amount 400
650 ## - SUBJECT ADDED ENTRY--TOPICAL TERM
Topical term or geographic name entry element Mysticism
942 ## - ADDED ENTRY ELEMENTS (KOHA)
Koha item type Textbook
Classification part Delta2 R2
Holdings
Withdrawn status Lost status Source of classification or shelving scheme Damaged status Not for loan Home library Current library Date acquired Source of acquisition Cost, normal purchase price Inventory number Total Checkouts Full call number Barcode Date last seen Price effective from Koha item type
    Colon Classification (CC)     Arts Library Arts Library 2024-12-06 Eastern Book Linkers 400.00 148 & 19/01/2023   Delta2 R2 AL1666931 2024-10-04 2024-10-04 Textbook
Copyright @ Delhi University Library System